Countries With The Most LGBTQI+ People - Statistics

General Stats
  • This quiz has been taken 105 times
  • The average score is 21 of 25
Answer Stats
% Country % Correct
10 United States
100%
12 Canada
97%
12 United Kingdom
97%
10 France
95%
11 Germany
95%
13 Spain
92%
14 Brazil
90%
9 Mexico
90%
12 Sweden
88%
11 Australia
87%
7 Italy
86%
8 Norway
84%
8 Portugal
83%
13 Argentina
82%
12 Netherlands
82%
8 Ireland
80%
9 New Zealand
79%
11 Switzerland
78%
11 Belgium
77%
7 Denmark
76%
10 Colombia
72%
12 Chile
67%
8 Peru
60%
12 Uruguay
60%
7 Thailand
59%
No matching quizzes found
Score Distribution
Percent of People with Each Score
Percentile by Number Answered
Your Score History
You have not taken this quiz